exile - Taylor Swift (All Lyrics) - Statistics

General Stats
  • This quiz has been taken 2,530 times
  • The average score is 394 of 456
Answer Stats
Answer % Correct
I
100%
a
99%
you
99%
You
99%
no
98%
see
98%
the
98%
your
98%
And
96%
and
96%
can
96%
not
96%
So
96%
so
96%
this
96%
am
95%
didn't
95%
Didn't
95%
exile
95%
I'm
95%
like
95%
Like
95%
out
95%
thin
95%
all
94%
All
94%
before
94%
film
94%
in
94%
I've
94%
my
94%
now
94%
seen
94%
think
94%
To
94%
to
94%
anymore
93%
ending
93%
me
93%
honey
92%
We
92%
who
92%
do
91%
With
91%
with
91%
around
90%
at
90%
standing
90%
You're
90%
hear
89%
seein
89%
were
89%
arms
88%
body
88%
for
88%
Of
88%
of
88%
time
87%
but
86%
funny
86%
joke's
86%
right
86%
defending
85%
his
85%
many
85%
there
85%
homeland
84%
it
84%
Laughin
84%
sign
84%
what
84%
door
83%
gave
83%
is
83%
leavin
83%
never
83%
Never
83%
step
83%
town
83%
side
82%
even
81%
signs
81%
amount
80%
five
80%
minutes
79%
starin
79%
took
79%
cryin
78%
leave
78%
problem
78%
just
77%
whole
77%
understudy
76%
up
76%
warning
76%
line
75%
always
74%
very
73%
bloody
72%
he's
72%
crown
71%
get
71%
mind
71%
pack
71%
walked
71%
read
70%
seeing
70%
us
70%
on
68%
knuckles
67%
you'd
67%
offending
66%
learned
65%
chances
64%
Second
63%
here
62%
love
62%
third
61%
leaving
59%
things
59%
turn
59%
breaking
58%
hall
57%
balancing
56%
injury
56%
eyes
55%
Those
55%
insult
54%
couldn't
53%
turned
53%
add
52%
Holdin
49%
branches
48%
crying
48%
hundreth
44%
Cause
40%
times
39%
Ooh
35%
No matching quizzes found
Score Distribution
Percent of People with Each Score
Percentile by Number Answered
Your Score History
You have not taken this quiz